zpět

Detail výsledku týmu

Pivovar U Švelchů, Sušice

Datum a čas kvízu

30 Celkem bodů Celkový počet nahraných bodů na tomto kvízu bez doplňovacích otázek.
5. Pořadí na kvízu Konečné umístění týmu na tomto kvízu.

Zaznamenané odpovědi

# Otázka Odpověď Body Výsledky
1. Jedna z cestujících vlakem Čes... houby 0
2. V Polsku se konaly parlamentní... Právo a spravedlnost 1
3. Jistá americká herečka si minu... Jennifer Anistonová 1
4. Vatikán představil minulý týde... o růženec 0
5. Basketbalový Nymburk vstoupil... Jaromír Bohačík 0
6. V tomto tématu budeme tak troc... Fryderyk 0
7. Zůstaneme ještě u vážné hudby.... malé v 1
8. Současná hvězda stříbrného plá... B 1
9. Město, které loni hostilo zimn... D 1
10. Zapište správně název zmrzliny... stracciatella 0